[Event "16th Asia-ch (w)"]
[Site "Ho Chi Minh VIE"]
[Date "2012.05.09"]
[Round "5"]
[White "Pratyusha, Bodda"]
[Black "Sihite, Chelsie Monica"]
[Result "0-1"]
[WhiteElo "2123"]
[BlackElo "2181"]
[EventDate "2012.05.05"]
[PlyCount "79"]

1.e4 e5 2.Bc4 Nf6 3.d3 c6 4.Nf3 d5 5.Bb3 Bb4+ 6.c3 Bd6 7.Nbd2 dxe4 8.Ng5 
O-O 9.Ndxe4 Be7 10.O-O Nxe4 11.Nxe4 Bf5 12.Qe2 Nd7 13.Be3 Nf6 14.Nxf6+ 
Bxf6 15.Rad1 Re8 16.Qh5 Bg6 17.Qh3 Qc8 18.Qxc8 Raxc8 19.Bxa7 Rcd8 20.Bc2 
Ra8 21.Bc5 b6 22.Ba3 c5 23.f4 exf4 24.Rxf4 Bg5 25.Ra4 Rad8 26.Bb1 b5 27.
Ra6 Bh5 28.Rf1 Be2 29.Bxc5 Bxf1 30.Kxf1 Bc1 31.a4 bxa4 32.Rxa4 Bxb2 33.Bb4
Rc8 34.c4 Bd4 35.Bc2 Rc6 36.Bd1 Rb8 37.Bf3 Rcb6 38.Ba3 Rb1+ 39.Ke2 Ra1 40.
Bd6 0-1

[Event "16th Asia-ch (w)"]
[Site "Ho Chi Minh VIE"]
[Date "2012.05.09"]
[Round "5"]
[White "Nguyen Quynh Anh"]
[Black "Otorbaeva, Nuriza"]
[Result "1-0"]
[WhiteElo "2129"]
[BlackElo "1740"]
[EventDate "2012.05.05"]
[PlyCount "71"]

1.e4 c6 2.d4 d5 3.exd5 cxd5 4.Bd3 Nc6 5.c3 Nf6 6.h3 g6 7.Bf4 Bg7 8.Nf3 O-O
9.O-O Bf5 10.Re1 Bxd3 11.Qxd3 Ne4 12.Na3 a6 13.Rad1 b5 14.Nc2 e6 15.Ne3 
Qe7 16.Re2 Rac8 17.Ne5 Rfd8 18.N3g4 Nxe5 19.dxe5 h5 20.Ne3 Qh4 21.Bh2 Bh6 
22.Qd4 Bxe3 23.Qxe3 Rc4 24.Rd4 Rdc8 25.Bf4 Rxd4 26.cxd4 Rc4 27.Kh2 g5 28.
Bg3 Nxg3 29.fxg3 Qxd4 30.Qxg5+ Kf8 31.Qd8+ Kg7 32.Qf6+ Kf8 33.Rf2 Qa7 34.
Qh8+ Ke7 35.Rxf7+ Kxf7 36.Qh7+ 1-0

[Event "16th Asia-ch (w)"]
[Site "Ho Chi Minh VIE"]
[Date "2012.05.09"]
[Round "5"]
[White "Aulia, Virda Rizka"]
[Black "Aulia, Medina Warda"]
[Result "1/2-1/2"]
[WhiteElo "1769"]
[BlackElo "2172"]
[EventDate "2012.05.05"]
[PlyCount "94"]

1.e4 e6 2.d4 d5 3.exd5 exd5 4.c4 Nf6 5.Nc3 Bb4 6.Bd3 O-O 7.Ne2 c5 8.a3 
Bxc3+ 9.bxc3 Be6 10.cxd5 Bxd5 11.O-O c4 12.Bc2 h6 13.f3 Nc6 14.a4 a6 15.
Rb1 Qd7 16.Ng3 Na5 17.Ba3 Rfe8 18.Nf5 Re6 19.Ng3 Re3 20.Qd2 Rae8 21.Ne4 
Nxe4 22.Qxe3 Ng3 23.Qf2 Nxf1 24.Qxf1 Re3 25.Bb4 Nc6 26.Qc1 Nxb4 27.Rxb4 
Re2 28.Kf1 Re8 29.Kf2 Qd6 30.h3 h5 31.Qg5 Qe6 32.Qd2 h4 33.Bd1 Qg6 34.Be2 
Qg3+ 35.Kf1 Qh2 36.Kf2 Be6 37.Qg5 Bxh3 38.Bxc4 Bc8 39.Bf1 Qc7 40.Rc4 Qb6 
41.Qxh4 Qb1 42.Kg1 Bf5 43.Rc5 Bd3 44.Rh5 Bh7 45.Kh2 f6 46.Bc4+ Kh8 47.Qh3 
Rd8 1/2-1/2

[Event "16th Asia-ch (w)"]
[Site "Ho Chi Minh VIE"]
[Date "2012.05.09"]
[Round "5"]
[White "Ngo Thi Kim Tuyen"]
[Black "Ni Shiqun"]
[Result "0-1"]
[WhiteElo "2070"]
[BlackElo "2157"]
[EventDate "2012.05.05"]
[PlyCount "68"]

1.Nf3 Nf6 2.b3 g6 3.Bb2 Bg7 4.e3 d5 5.Be2 O-O 6.O-O c5 7.d4 Ne4 8.Nbd2 Nc6
9.c4 Bf5 10.cxd5 Qxd5 11.Bc4 Qd7 12.Nxe4 Bxe4 13.Ne5 Nxe5 14.dxe5 Qc7 15.
f3 Bc6 16.f4 Be4 17.Qe2 e6 18.Rac1 Rfd8 19.b4 Bf8 20.b5 Rd7 21.Rfd1 Rad8 
22.Rxd7 Qxd7 23.Bc3 Be7 24.a4 b6 25.Qf2 Qb7 26.h3 Bd3 27.Bb3 c4 28.Bd1 Bc5
29.Kh2 Qe4 30.Bd2 Bb1 31.Bf3 Qd3 32.Be2 Qxd2 33.Rxb1 Bxe3 34.Qf1 c3 0-1

[Event "16th Asia-ch (w)"]
[Site "Ho Chi Minh VIE"]
[Date "2012.05.09"]
[Round "5"]
[White "Enkhtuul, Altanulzii"]
[Black "Vo Thi Kim Phung"]
[Result "0-1"]
[WhiteElo "2108"]
[BlackElo "2155"]
[EventDate "2012.05.05"]
[PlyCount "78"]

1.d4 e6 2.Nf3 Nf6 3.c4 Bb4+ 4.Bd2 Qe7 5.g3 O-O 6.Bg2 h6 7.O-O Bxd2 8.Qxd2 
d6 9.Nc3 Nbd7 10.e4 e5 11.Nh4 Nb6 12.b3 a5 13.f4 a4 14.Rae1 axb3 15.axb3 
c6 16.d5 exf4 17.Rxf4 Nbd7 18.Nf5 Qe5 19.Rh4 Nh7 20.Rg4 Ndf6 21.Rf4 Re8 
22.Rff1 Rd8 23.Nd4 Ng5 24.dxc6 Qc5 25.Kh1 bxc6 26.Nxc6 Re8 27.e5 dxe5 28.
b4 Qxc4 29.Nxe5 Rxe5 30.Rxe5 Bb7 31.Qe2 Bxg2+ 32.Qxg2 Rd8 33.Nd1 Rd2 34.
Ne3 Qa2 35.Qg1 Nh3 36.Ra5 Qe6 37.Ra8+ Kh7 38.Rxf6 Qe4+ 39.Qg2 Rxg2 0-1

[Event "16th Asia-ch (w)"]
[Site "Ho Chi Minh VIE"]
[Date "2012.05.09"]
[Round "5"]
[White "Pham Thi Thu Hoai"]
[Black "Citra, Dewi Andhiani Anastasia"]
[Result "1/2-1/2"]
[WhiteElo "1956"]
[BlackElo "2112"]
[EventDate "2012.05.05"]
[PlyCount "63"]

1.e4 c5 2.Nf3 d6 3.d4 cxd4 4.Nxd4 Nf6 5.f3 e6 6.c4 Be7 7.Nc3 O-O 8.Be3 b6 
9.Be2 Bb7 10.O-O a6 11.Qe1 Nbd7 12.Qf2 Rb8 13.Rfd1 Qc7 14.Rac1 Rfc8 15.Kh1
Ba8 16.Bf1 Qb7 17.b3 Rc7 18.Qb2 Rbc8 19.Bd3 Bf8 20.Bb1 Ne5 21.Bg5 Be7 22.
f4 Ned7 23.a4 Rc5 24.f5 Nf8 25.Qc2 Ng4 26.Bxe7 Qxe7 27.Qe2 Qh4 28.Nf3 Qe7 
29.h3 Ne5 30.Nd4 Nfd7 31.Rf1 Nf6 32.Rce1 1/2-1/2

[Event "16th Asia-ch (w)"]
[Site "Ho Chi Minh VIE"]
[Date "2012.05.10"]
[Round "6"]
[White "Ding Yixin"]
[Black "Nguyen Thi Thanh An"]
[Result "1/2-1/2"]
[WhiteElo "2353"]
[BlackElo "2301"]
[EventDate "2012.05.05"]
[PlyCount "60"]

1.e4 c5 2.Nf3 d6 3.d4 cxd4 4.Nxd4 Nf6 5.Nc3 a6 6.h3 e5 7.Nde2 Be6 8.g4 d5 
9.exd5 Nxd5 10.Bg2 Bb4 11.O-O Bxc3 12.bxc3 Nc6 13.a4 O-O 14.Ba3 Re8 15.Rb1
Qa5 16.Rxb7 Rad8 17.Qc1 Qxa4 18.Rd1 Na5 19.Rb1 Nc4 20.Ra1 Qb5 21.Rd3 Nf4 
22.Nxf4 exf4 23.Rxd8 Rxd8 24.Qxf4 Nxa3 25.Rxa3 Qb1+ 26.Kh2 Qxc2 27.Rxa6 
Qxc3 28.Rd6 Rxd6 29.Qxd6 g6 30.Qf4 Qc4 1/2-1/2

[Event "16th Asia-ch (w)"]
[Site "Ho Chi Minh VIE"]
[Date "2012.05.10"]
[Round "6"]
[White "Muminova, Nafisa"]
[Black "Tan Zhongyi"]
[Result "0-1"]
[WhiteElo "2338"]
[BlackElo "2430"]
[EventDate "2012.05.05"]
[PlyCount "108"]

1.e4 c5 2.Nf3 Nc6 3.d4 cxd4 4.Nxd4 g6 5.Nc3 Bg7 6.Be3 Nf6 7.Bc4 Qa5 8.O-O 
O-O 9.Nb3 Qc7 10.Be2 d6 11.Nd5 Nxd5 12.exd5 Ne5 13.Nd4 a6 14.c3 Nc4 15.Bc1
b5 16.a4 Bd7 17.Re1 Bf6 18.Bg4 bxa4 19.Bxd7 Qxd7 20.Rxa4 Rfc8 21.Qb3 Rab8 
22.Rb4 Rxb4 23.Qxb4 Ne5 24.Rd1 Rc4 25.Qb3 Qa4 26.Qb8+ Kg7 27.b3 Nd7 28.Qb7
Nc5 29.Qc6 Rxd4 30.cxd4 Qxb3 31.Rf1 Bxd4 32.Bg5 Ne4 33.Bh4 Qd3 34.Qc1 Nc3 
35.Kh1 f6 36.Re1 Nxd5 37.Bg3 Qc3 38.Qb1 a5 39.f3 Be3 40.Qb7 Qd2 41.Rb1 Bc5
42.Be1 Qd3 43.Bg3 a4 44.Re1 Kf7 45.Qd7 a3 46.Qe6+ Kg7 47.Qd7 Qd4 48.h4 a2 
49.Rxe7+ Nxe7 50.Qxe7+ Kh6 51.Qf8+ Kh5 52.Bf2 a1=Q+ 53.Kh2 Qg1+ 54.Bxg1 
Qxh4# 0-1

[Event "16th Asia-ch (w)"]
[Site "Ho Chi Minh VIE"]
[Date "2012.05.10"]
[Round "6"]
[White "Batchimeg, Tuvshintogs"]
[Black "Mohota, Nisha"]
[Result "0-1"]
[WhiteElo "2363"]
[BlackElo "2321"]
[EventDate "2012.05.05"]
[PlyCount "92"]

1.d4 Nf6 2.Nf3 d5 3.e3 g6 4.c4 c6 5.cxd5 cxd5 6.Bb5+ Bd7 7.Qa4 a6 8.Nc3 
Bg7 9.Bxd7+ Nbxd7 10.Qb3 Nb6 11.Ne5 O-O 12.a4 a5 13.O-O Ne4 14.Nxe4 dxe4 
15.Rd1 e6 16.Bd2 Nd5 17.Qb5 Bxe5 18.dxe5 Qc7 19.Rac1 Qxe5 20.Bxa5 Qf5 21.
b3 Nxe3 22.Qxf5 Nxf5 23.Bb6 Rac8 24.g4 Nh4 25.b4 f5 26.b5 Nf3+ 27.Kg2 Ne5 
28.Rxc8 Rxc8 29.Rd8+ Rxd8 30.Bxd8 Nd3 31.a5 Nc5 32.Bb6 Nd7 33.Bc7 Nc5 34.
Bd6 Nd7 35.gxf5 exf5 36.b6 Kf7 37.a6 bxa6 38.b7 Ke6 39.b8=Q Nxb8 40.Bxb8 
a5 41.h4 a4 42.Kg3 a3 43.Kf4 h6 44.Ba7 g5+ 45.hxg5 hxg5+ 46.Kxg5 Kd5 0-1

[Event "16th Asia-ch (w)"]
[Site "Ho Chi Minh VIE"]
[Date "2012.05.10"]
[Round "6"]
[White "Zhai Mo"]
[Black "Karavade, Eesha"]
[Result "0-1"]
[WhiteElo "2248"]
[BlackElo "2353"]
[EventDate "2012.05.05"]
[PlyCount "110"]

1.e4 e6 2.d4 d5 3.Nc3 Bb4 4.e5 c5 5.a3 Bxc3+ 6.bxc3 Ne7 7.h4 Nbc6 8.h5 h6 
9.Nf3 Bd7 10.Rh4 Nf5 11.Rf4 Rc8 12.Bd3 c4 13.Bf1 f6 14.g4 fxe5 15.dxe5 Nh4
16.Nxh4 Qxh4 17.a4 Qh2 18.a5 Rc7 19.Be3 Bc8 20.Qd2 Rf8 21.O-O-O Rcf7 22.
Rxf7 Rxf7 23.f4 Qxd2+ 24.Kxd2 Nxa5 25.Bh3 Nc6 26.Rg1 a6 27.Rf1 b5 28.Bc5 
Bd7 29.Ke3 a5 30.Rb1 Ne7 31.Ra1 d4+ 32.cxd4 Nd5+ 33.Kd2 a4 34.f5 exf5 35.
e6 Bxe6 36.Re1 Kd7 37.gxf5 Bxf5 38.Rf1 c3+ 39.Kc1 Ke6 40.Re1+ Kd7 41.Rf1 
Ke6 42.Re1+ Kf6 43.Rf1 Kg5 44.Rg1+ Kxh5 45.Bg2 Nf4 46.Bf3+ Kh4 47.d5 Nh3 
48.Rf1 g5 49.d6 Bd7 50.Be2 g4 51.Bd3 g3 52.Bd4 g2 53.Rg1 Rf4 54.Bb6 Rf7 
55.Bd4 b4 0-1

[Event "16th Asia-ch (w)"]
[Site "Ho Chi Minh VIE"]
[Date "2012.05.10"]
[Round "6"]
[White "Pham Le Thao Nguyen"]
[Black "Nakhbaeva, Guliskhan"]
[Result "1/2-1/2"]
[WhiteElo "2390"]
[BlackElo "2309"]
[EventDate "2012.05.05"]
[PlyCount "72"]

1.Nf3 Nf6 2.c4 e6 3.g3 d5 4.Bg2 dxc4 5.Qa4+ c6 6.Qxc4 b5 7.Qc2 Bb7 8.O-O 
Nbd7 9.a4 Rc8 10.d3 a6 11.Nc3 Be7 12.Bg5 O-O 13.Rfd1 h6 14.Bxf6 Nxf6 15.d4
Qb6 16.Qb3 Rfd8 17.e3 Qc7 18.Rac1 Qb8 19.Ne5 b4 20.Ne4 c5 21.Nxf6+ Bxf6 
22.Ng4 Be7 23.Ne5 Bxg2 24.Kxg2 Qb7+ 25.Kg1 cxd4 26.Rxc8 Rxc8 27.exd4 Qe4 
28.Qd3 Qxd3 29.Rxd3 Rc2 30.b3 Bf6 31.Kf1 Bxe5 32.dxe5 g5 33.h3 a5 34.g4 
Rc5 35.Re3 Kf8 36.Re2 Rc1+ 1/2-1/2

[Event "16th Asia-ch (w)"]
[Site "Ho Chi Minh VIE"]
[Date "2012.05.10"]
[Round "6"]
[White "Hoang Thi Nhu Y"]
[Black "Guo Qi"]
[Result "0-1"]
[WhiteElo "2238"]
[BlackElo "2360"]
[EventDate "2012.05.05"]
[PlyCount "92"]

1.c4 e6 2.Nf3 d5 3.d4 Nf6 4.e3 c5 5.cxd5 exd5 6.Nc3 Nc6 7.Bb5 Be6 8.dxc5 
Bxc5 9.h3 O-O 10.O-O a6 11.Bd3 Qe7 12.Ne2 Rfd8 13.Ned4 Ne4 14.Bd2 Bd6 15.
Rc1 Nxd4 16.exd4 Bf5 17.Be3 Re8 18.Qb3 Rad8 19.Rfe1 Bb8 20.Bg5 f6 21.Bd2 
Nxd2 22.Nxd2 Qxe1+ 23.Rxe1 Rxe1+ 24.Bf1 Re7 25.Nf3 Be4 26.Nd2 Kh8 27.g3 
Rc8 28.Bg2 Ba7 29.Qb4 Ree8 30.Nb3 h6 31.Nc5 Rc7 32.Qa5 Rcc8 33.Nxb7 Bxd4 
34.Nd6 Rc1+ 35.Kh2 Bxg2 36.Qd2 Ree1 37.Kxg2 Rg1+ 38.Kf3 Rgd1 39.Qe2 Rf1 
40.Nf7+ Kg8 41.Qe6 Rxf2+ 42.Kg4 Kh7 43.h4 g6 44.Qxd5 Rcc2 45.Kh3 Rh2+ 46.
Kg4 f5+ 0-1

[Event "16th Asia-ch (w)"]
[Site "Ho Chi Minh VIE"]
[Date "2012.05.10"]
[Round "6"]
[White "Sihite, Chelsie Monica"]
[Black "Padmini, Rout"]
[Result "0-1"]
[WhiteElo "2181"]
[BlackElo "2345"]
[EventDate "2012.05.05"]
[PlyCount "76"]

1.e4 c5 2.Nf3 d6 3.d4 cxd4 4.Nxd4 Nf6 5.Nc3 a6 6.Be3 e5 7.Nb3 Be7 8.Qd2 
O-O 9.O-O-O a5 10.Bb5 Bd7 11.a4 Nc6 12.f3 Nb4 13.Qf2 Bxb5 14.Nxb5 d5 15.
Bb6 Qd7 16.c3 Na6 17.Kb1 Qe6 18.Nd2 d4 19.cxd4 Qxb6 20.Nc4 Qc6 21.Nxa5 Qc8
22.Rc1 Qd8 23.Nxb7 Qb6 24.Nc5 exd4 25.Nxa6 Qxa6 26.Qxd4 Rfb8 27.e5 Ne8 28.
Rhd1 Rxb5 29.axb5 Qa2+ 30.Kc2 Rc8+ 31.Kd3 Rd8 32.Kc2 Rxd4 33.Rxd4 Bc5 34.
Rd8 Kf8 35.Rc8 Bd4 36.Rb1 Bxe5 37.b6 Qa4+ 38.Kd2 Qd7+ 0-1

[Event "16th Asia-ch (w)"]
[Site "Ho Chi Minh VIE"]
[Date "2012.05.10"]
[Round "6"]
[White "Pham Bich Ngoc"]
[Black "Le Thanh Tu"]
[Result "0-1"]
[WhiteElo "2176"]
[BlackElo "2313"]
[EventDate "2012.05.05"]
[PlyCount "54"]

1.d4 c5 2.d5 Nf6 3.c4 e6 4.Nc3 exd5 5.cxd5 d6 6.Nf3 g6 7.Bf4 a6 8.e4 b5 9.
Qc2 Bg7 10.Be2 O-O 11.O-O Re8 12.Nd2 Qe7 13.Rfe1 Nbd7 14.Bxb5 axb5 15.Nxb5
Nxd5 16.Bxd6 Nb4 17.Qd1 Qf6 18.Nc7 Bb7 19.Nxe8 Rxe8 20.Bg3 Qxb2 21.Nb3 Bc6
22.Re2 Qa3 23.Rb1 Nxa2 24.Re1 Nc3 25.Ra1 Qb2 26.Qd6 Re6 27.Ra8+ Nf8 0-1

[Event "16th Asia-ch (w)"]
[Site "Ho Chi Minh VIE"]
[Date "2012.05.10"]
[Round "6"]
[White "Le Kieu Thien Kim"]
[Black "Nguyen Quynh Anh"]
[Result "0-1"]
[WhiteElo "2239"]
[BlackElo "2129"]
[EventDate "2012.05.05"]
[PlyCount "60"]

1.d4 d5 2.Nf3 Nf6 3.e3 c5 4.Nbd2 Nbd7 5.b3 g6 6.Bb2 Bg7 7.Bd3 O-O 8.Ne5 
Nxe5 9.dxe5 Ng4 10.Be2 Nxe5 11.Rb1 d4 12.exd4 cxd4 13.O-O Bf5 14.Re1 Rc8 
15.Rc1 Nc6 16.Ba3 Qc7 17.Bf3 Ne5 18.Be4 Bg4 19.f3 Be6 20.f4 Ng4 21.Qf3 d3 
22.h3 Qb6+ 23.Kh1 Nf2+ 24.Kh2 Bc3 25.Rf1 Bxd2 26.Rxf2 Bxc1 27.Bxc1 Rxc2 
28.Be3 Qa6 29.Bd4 Rxf2 30.Qxf2 Rc8 0-1

[Event "16th Asia-ch (w)"]
[Site "Ho Chi Minh VIE"]
[Date "2012.05.10"]
[Round "6"]
[White "Ni Shiqun"]
[Black "Nguyen Thi Mai Hung"]
[Result "1/2-1/2"]
[WhiteElo "2157"]
[BlackElo "2237"]
[EventDate "2012.05.05"]
[PlyCount "81"]

1.e4 c5 2.Nf3 g6 3.c3 Bg7 4.d4 cxd4 5.cxd4 d5 6.e5 Nc6 7.Bb5 Bg4 8.Bxc6+ 
bxc6 9.Nbd2 Nh6 10.O-O O-O 11.h3 Bxf3 12.Nxf3 Qb6 13.Bf4 e6 14.Qd2 Nf5 15.
Rac1 Rfc8 16.g4 Ne7 17.Rc3 Rab8 18.b3 Rc7 19.Rfc1 Rbc8 20.Rc5 Re8 21.Bg5 
Bf8 22.Bh6 Bg7 23.Qg5 Rf8 24.Bxg7 Kxg7 25.Qf6+ Kg8 26.h4 h6 27.Kg2 Qa6 28.
h5 Qd3 29.Rh1 Qe4 30.Kg3 g5 31.Rc3 Kh7 32.Re3 Ng8 33.Rxe4 Nxf6 34.Re2 Nd7 
35.Rc1 c5 36.Rec2 Rfc8 37.Nd2 Kg7 38.f4 gxf4+ 39.Kxf4 f6 40.exf6+ Kxf6 41.
Nf3 1/2-1/2

[Event "16th Asia-ch (w)"]
[Site "Ho Chi Minh VIE"]
[Date "2012.05.10"]
[Round "6"]
[White "Yanjindulam, Dulamsuren"]
[Black "Aulia, Virda Rizka"]
[Result "1-0"]
[WhiteElo "2214"]
[BlackElo "1769"]
[EventDate "2012.05.05"]
[PlyCount "73"]

1.e4 e6 2.d4 d5 3.e5 c5 4.c3 Qb6 5.Nf3 Nc6 6.a3 a5 7.Be2 a4 8.O-O Bd7 9.
Re1 cxd4 10.cxd4 Na5 11.Nc3 Nb3 12.Rb1 Rc8 13.Qd3 Ne7 14.Be3 Nf5 15.g4 
Nxe3 16.Qxe3 Qa5 17.Na2 Be7 18.Red1 O-O 19.Nd2 Rc2 20.Nxb3 axb3 21.Nc1 Ba4
22.Bd3 g6 23.g5 Rfc8 24.Bf1 Qc7 25.f3 Rc6 26.Nd3 Rc2 27.Nf2 Qd8 28.f4 h5 
29.gxh6 Bh4 30.Ng4 g5 31.Nf6+ Kh8 32.Qd3 Qxf6 33.exf6 gxf4 34.Qf3 Rg8+ 35.
Kh1 Bf2 36.Bd3 Be3 37.Rg1 1-0

[Event "16th Asia-ch (w)"]
[Site "Ho Chi Minh VIE"]
[Date "2012.05.10"]
[Round "6"]
[White "Vo Thi Kim Phung"]
[Black "Mohanty, Kiran Monisha"]
[Result "1/2-1/2"]
[WhiteElo "2155"]
[BlackElo "2208"]
[EventDate "2012.05.05"]
[PlyCount "124"]

1.d4 Nf6 2.Nf3 g6 3.e3 Bg7 4.Be2 d5 5.O-O O-O 6.Nbd2 b6 7.b3 a5 8.a4 Nbd7 
9.Ba3 Re8 10.Rc1 Bb7 11.c4 e5 12.dxe5 Nxe5 13.Nxe5 Rxe5 14.Nf3 Re8 15.c5 
bxc5 16.Bxc5 Ne4 17.Bd4 c5 18.Bxg7 Kxg7 19.Nd2 Qb6 20.Nxe4 Rxe4 21.Qc2 Rc8
22.Rfd1 Rb4 23.Bb5 Qf6 24.Qc3 d4 25.Qd3 Qg5 26.e4 f5 27.f3 fxe4 28.fxe4 
Rc7 29.Re1 Re7 30.Rc2 Bc8 31.Rec1 Re5 32.Bc4 Rb6 33.Bd5 Ba6 34.Qh3 Qe3+ 
35.Qxe3 dxe3 36.Rxc5 Bd3 37.Rc7+ Kh6 38.Re1 Bxe4 39.Bg8 Rb8 40.Rxh7+ Kg5 
41.Bc4 Bc2 42.Rh3 Bxb3 43.Bb5 Rd8 44.Rg3+ Kf6 45.Rgxe3 Rxe3 46.Rxe3 Rd1+ 
47.Kf2 Rd2+ 48.Ke1 Rb2 49.Bc6 g5 50.h3 Bc4 51.Rc3 Rb4 52.Rf3+ Ke5 53.g4 
Be6 54.Kf2 Kd6 55.Bb5 Rb2+ 56.Ke1 Ke5 57.Re3+ Kd6 58.Rf3 Ke5 59.Re3+ Kd6 
60.Re2 Rb4 61.Kf2 Bd5 62.Ke3 Rb3+ 1/2-1/2

[Event "16th Asia-ch (w)"]
[Site "Ho Chi Minh VIE"]
[Date "2012.05.10"]
[Round "6"]
[White "Jelsen, Yemi"]
[Black "Pratyusha, Bodda"]
[Result "0-1"]
[WhiteElo "2007"]
[BlackElo "2123"]
[EventDate "2012.05.05"]
[PlyCount "72"]

1.d4 Nf6 2.c4 e6 3.Nf3 b6 4.Nc3 Bb4 5.Qc2 Bb7 6.Bg5 h6 7.Bh4 g5 8.Bg3 Ne4 
9.e3 Bxc3+ 10.bxc3 d6 11.Rd1 Nd7 12.d5 Ndc5 13.Bd3 f5 14.Nd4 O-O 15.dxe6 
f4 16.f3 fxg3 17.fxe4 Qf6 18.hxg3 Nxd3+ 19.Rxd3 Bxe4 20.g4 Qg6 21.Nf5 Rxf5
22.gxf5 Qxf5 23.Kd2 Qf2+ 24.Kc1 Qxc2+ 25.Kxc2 Kg7 26.Rf1 Rf8 27.e7 Re8 28.
Kd2 Bxd3 29.Kxd3 Rxe7 30.Rf5 Kg6 31.e4 h5 32.Rf8 h4 33.Kd4 Kh5 34.Ke3 Kg4 
35.Rg8 Re5 36.Rg7 Rc5 0-1

[Event "16th Asia-ch (w)"]
[Site "Ho Chi Minh VIE"]
[Date "2012.05.10"]
[Round "6"]
[White "Otorbaeva, Nuriza"]
[Black "Enkhtuul, Altanulzii"]
[Result "1/2-1/2"]
[WhiteElo "1740"]
[BlackElo "2108"]
[EventDate "2012.05.05"]
[PlyCount "79"]

1.e4 Nf6 2.e5 Nd5 3.d4 d6 4.c4 Nb6 5.exd6 cxd6 6.Nc3 g6 7.Be3 Bg7 8.Rc1 
Nc6 9.b3 O-O 10.Nf3 Bg4 11.Be2 e5 12.dxe5 dxe5 13.c5 Nd7 14.h3 Bf5 15.O-O 
h6 16.Qd2 e4 17.Nd4 Nxd4 18.Bxd4 Nxc5 19.Rfd1 Bxd4 20.Qxd4 Nd3 21.Qe3 Qh4 
22.Bxd3 exd3 23.g4 Rae8 24.Qg3 Qxg3+ 25.fxg3 Be4 26.Nxe4 Rxe4 27.Rxd3 Re2 
28.Rc7 Rxa2 29.Rxb7 Rc8 30.Rf3 Rf8 31.Rf4 a5 32.h4 Rc2 33.Rf3 Rb2 34.Rf2 
Rb1+ 35.Rf1 Rxf1+ 36.Kxf1 Rc8 37.Rb5 Rc3 38.Kg2 Kh7 39.Rxa5 Rxb3 40.Ra6 
1/2-1/2

[Event "16th Asia-ch (w)"]
[Site "Ho Chi Minh VIE"]
[Date "2012.05.10"]
[Round "6"]
[White "Ton Nu Hong An"]
[Black "Ngo Thi Kim Tuyen"]
[Result "0-1"]
[WhiteElo "1997"]
[BlackElo "2070"]
[EventDate "2012.05.05"]
[PlyCount "118"]

1.d4 Nf6 2.c4 e6 3.Nc3 d5 4.Bg5 Be7 5.cxd5 exd5 6.e3 O-O 7.Bd3 c6 8.Qc2 h6
9.Bh4 Be6 10.Nge2 Nbd7 11.h3 b6 12.f4 Nb8 13.f5 Bc8 14.Nf4 Bb7 15.O-O-O 
Nbd7 16.Bf2 c5 17.g4 Rc8 18.Kb1 cxd4 19.exd4 Ne4 20.Bxe4 dxe4 21.d5 Bg5 
22.Bg3 Nf6 23.Qb3 Ba6 24.Rd4 Re8 25.d6 Nd7 26.Qd1 Qf6 27.Nfd5 Qd8 28.Nxe4 
Rc1+ 29.Qxc1 Bxc1 30.Kxc1 Bb7 31.Ne7+ Kh8 32.Bh4 f6 33.Rhd1 b5 34.Nc3 Qa5 
35.Kb1 Kh7 36.Be1 Qb6 37.Bf2 Qa5 38.h4 Bf3 39.R1d2 b4 40.Ncd5 b3 41.axb3 
Qa6 42.Nc7 Qf1+ 43.Ka2 Rb8 44.b4 Qc1 45.Be3 Qe1 46.Bf2 Qc1 47.g5 Rxb4 48.
g6+ Kh8 49.Rxb4 Qxd2 50.Bc5 Qc2 51.Ne6 Be4 52.Ka3 Bxf5 53.Nd8 Bxg6 54.Bg1 
Be8 55.Rb3 Qd1 56.Bh2 Qd2 57.Rb7 Qa5+ 58.Kb3 Nc5+ 59.Kc2 Nxb7 0-1

[Event "16th Asia-ch (w)"]
[Site "Ho Chi Minh VIE"]
[Date "2012.05.11"]
[Round "7"]
[White "Kharisma Sukandar, Irine"]
[Black "Ding Yixin"]
[Result "1/2-1/2"]
[WhiteElo "2288"]
[BlackElo "2353"]
[EventDate "2012.05.05"]
[PlyCount "60"]

1.e4 c5 2.Nf3 d6 3.d4 cxd4 4.Nxd4 Nf6 5.Nc3 a6 6.Be2 e5 7.Nb3 Be7 8.Be3 
O-O 9.O-O b6 10.Qd2 Bb7 11.f3 Nbd7 12.Rfd1 Qc7 13.a4 Rac8 14.Nc1 Rfd8 15.
Qe1 Qb8 16.Qf2 Qa8 17.N1a2 d5 18.exd5 Nxd5 19.Nxd5 Bxd5 20.Nc3 Be6 21.f4 
exf4 22.Qxf4 Bc5 23.Bxc5 Nxc5 24.Bf3 Qb8 25.Rxd8+ Rxd8 26.Qxb8 Rxb8 27.Nd5
Kf8 28.a5 bxa5 29.Rxa5 Rb5 30.Rxb5 axb5 1/2-1/2

[Event "16th Asia-ch (w)"]
[Site "Ho Chi Minh VIE"]
[Date "2012.05.11"]
[Round "7"]
[White "Gomes, Mary Ann"]
[Black "Zhao Xue"]
[Result "1-0"]
[WhiteElo "2378"]
[BlackElo "2549"]
[EventDate "2012.05.05"]
[PlyCount "139"]

1.Nf3 Nf6 2.g3 d5 3.Bg2 e6 4.O-O Be7 5.b3 b6 6.Bb2 Bb7 7.c4 O-O 8.d4 dxc4 
9.bxc4 c5 10.e3 Qc7 11.Qe2 Rd8 12.Nc3 Nc6 13.Rfd1 cxd4 14.Nb5 Qc8 15.exd4 
a6 16.Rac1 Na5 17.Na3 Qd7 18.Ne5 Qe8 19.Bxb7 Nxb7 20.Qf3 Na5 21.Nc2 b5 22.
d5 Nxc4 23.Nxc4 bxc4 24.dxe6 Rxd1+ 25.Rxd1 fxe6 26.Nd4 Rb8 27.Bc3 e5 28.
Nf5 Bf8 29.Nh6+ gxh6 30.Qxf6 Bg7 31.Qxa6 Qf7 32.Qc6 Rf8 33.Rd2 h5 34.Bb4 
Re8 35.Rd7 Qe6 36.Qb7 Qg6 37.Qd5+ Qe6 38.Qb7 Qg6 39.h4 e4 40.Qd5+ Qe6 41.
Qb7 Be5 42.Qd5 c3 43.Qxe6+ Rxe6 44.Rd8+ Kf7 45.Rf8+ Kg6 46.Rc8 Rb6 47.a3 
e3 48.fxe3 Kf5 49.Kf2 Kg4 50.Kg2 Kf5 51.Bxc3 Bxc3 52.Rxc3 Ke4 53.Rc5 Kxe3 
54.Rxh5 Rb7 55.a4 Ke4 56.a5 Ra7 57.Kh3 Rg7 58.a6 Kd4 59.Ra5 Ra7 60.Kg4 Kc4
61.Kh5 Kb4 62.Ra1 Kb5 63.Kh6 Kc6 64.g4 Kd6 65.g5 Ke6 66.h5 Kf5 67.g6 hxg6 
68.hxg6 Kf6 69.g7 Ra8 70.a7 1-0

[Event "16th Asia-ch (w)"]
[Site "Ho Chi Minh VIE"]
[Date "2012.05.11"]
[Round "7"]
[White "Tan Zhongyi"]
[Black "Nguyen Thi Thanh An"]
[Result "1-0"]
[WhiteElo "2430"]
[BlackElo "2301"]
[EventDate "2012.05.05"]
[PlyCount "109"]

1.d4 Nf6 2.c4 g6 3.Nf3 Bg7 4.g3 O-O 5.Bg2 d5 6.O-O c6 7.Qb3 Qb6 8.Nc3 dxc4
9.Qxc4 Be6 10.Qa4 Rd8 11.Rd1 Na6 12.e4 Bg4 13.Rb1 Qb4 14.Qxb4 Nxb4 15.h3 
Bxf3 16.Bxf3 Ne8 17.Be3 Nc2 18.e5 Nc7 19.Rbc1 Nxe3 20.fxe3 h5 21.Kf2 Ne6 
22.h4 Nc7 23.Rg1 f6 24.exf6 Bxf6 25.Ke2 Kg7 26.Ne4 Rh8 27.Nc5 Rab8 28.Rcd1
Kf7 29.Be4 Rhg8 30.g4 Ne6 31.Nxe6 Kxe6 32.g5 Bh8 33.Rgf1 Rbd8 34.b4 a5 35.
bxa5 Ra8 36.Bc2 Kd6 37.Bb3 Rgb8 38.Bf7 Rxa5 39.Rd2 Rba8 40.Rb1 Kc7 41.Rc1 
e5 42.d5 Ra4 43.d6+ Kd7 44.Bxg6 Rxh4 45.Bf5+ Ke8 46.Kf3 Bg7 47.Rf1 Rha4 
48.Kg3 Rxa2 49.Bg6+ Kd8 50.Rxa2 Rxa2 51.Rf7 Rd2 52.Rxb7 Bf6 53.Rb8+ Kd7 
54.gxf6 Rxd6 55.Bf5+ 1-0

[Event "16th Asia-ch (w)"]
[Site "Ho Chi Minh VIE"]
[Date "2012.05.11"]
[Round "7"]
[White "Karavade, Eesha"]
[Black "Mongontuul, Batchujagijn"]
[Result "1-0"]
[WhiteElo "2353"]
[BlackElo "2451"]
[EventDate "2012.05.05"]
[PlyCount "211"]

1.d4 Nf6 2.c4 c5 3.Nf3 cxd4 4.Nxd4 Nc6 5.Nc3 e6 6.g3 Qb6 7.Nb3 Ne5 8.e4 
Bb4 9.Qe2 d6 10.f4 Nc6 11.Be3 Bxc3+ 12.bxc3 Qc7 13.Bg2 O-O 14.O-O b6 15.
Nd4 Bb7 16.Nb5 Qe7 17.Nxd6 Qxd6 18.e5 Qe7 19.exf6 Qxf6 20.c5 Rfc8 21.cxb6 
axb6 22.Qb2 b5 23.Rfb1 Ba6 24.a4 bxa4 25.Qb6 e5 26.Rxa4 Rab8 27.Rxa6 Qf5 
28.Bxc6 Rxb6 29.Raxb6 Qd3 30.Bf2 Qxc3 31.Bd7 Rf8 32.fxe5 Qxe5 33.Rd1 h6 
34.Rb5 Qe2 35.Rbd5 Rb8 36.Bf5 g6 37.R5d2 Qf3 38.Bh3 h5 39.Bg2 Qf5 40.Rd5 
Rb1 41.Rd8+ Kh7 42.Rxb1 Qxb1+ 43.Bf1 f6 44.Rd7+ Kg8 45.Bd4 h4 46.Bxf6 hxg3
47.hxg3 Qe1 48.Rd3 Kh7 49.Kg2 Qe4+ 50.Rf3 Qc2+ 51.Rf2 Qe4+ 52.Kh2 Qe3 53.
Rf4 Qd2+ 54.Bg2 Qe2 55.Re4 Qd2 56.Rg4 Qe2 57.Kh3 Qe6 58.Bd4 Kh6 59.Be4 g5 
60.Bf3 Qf5 61.Kg2 Qc2+ 62.Bf2 Qb2 63.Re4 Qa2 64.Re2 Qc4 65.Be3 Kg6 66.g4 
Qd3 67.Bd2 Qd6 68.Be4+ Kh6 69.Bf5 Qd5+ 70.Kf2 Qd4+ 71.Be3 Qd6 72.Kf3 Qd1 
73.Bd2 Qb3+ 74.Kg2 Qd5+ 75.Be4 Qd7 76.Bf3 Qd6 77.Be3 Qe5 78.Bc1 Qd6 79.Rc2
Qe5 80.Bb2 Qf4 81.Rc6+ Kh7 82.Bc3 Qe3 83.Ba5 Kg7 84.Rc2 Qa3 85.Bb6 Qd3 86.
Re2 Qd6 87.Be3 Kh6 88.Rc2 Qe5 89.Rc6+ Kh7 90.Kf2 Qh2+ 91.Bg2 Qe5 92.Rc5 
Qf6+ 93.Bf3 Qb2+ 94.Be2 Qf6+ 95.Rf5 Qd6 96.Rxg5 Qh2+ 97.Ke1 Qg3+ 98.Kd2 
Qd6+ 99.Bd3+ Kh8 100.Rc5 Kg8 101.g5 Qh2+ 102.Kc3 Qg3 103.Bd4 Qe1+ 104.Kc2 
Qh4 105.Rc8+ Kf7 106.g6+ 1-0

[Event "16th Asia-ch (w)"]
[Site "Ho Chi Minh VIE"]
[Date "2012.05.11"]
[Round "7"]
[White "Mohota, Nisha"]
[Black "Wang Jue"]
[Result "0-1"]
[WhiteElo "2321"]
[BlackElo "2364"]
[EventDate "2012.05.05"]
[PlyCount "112"]

1.d4 Nf6 2.c4 g6 3.g3 Bg7 4.Bg2 O-O 5.Nc3 d6 6.Nf3 Nc6 7.O-O a6 8.Qd3 e5 
9.dxe5 dxe5 10.Qxd8 Rxd8 11.Bg5 Re8 12.Rfd1 h6 13.Bxf6 Bxf6 14.Nd2 Nd4 15.
Nde4 Bd8 16.e3 Ne6 17.g4 Kg7 18.Rd2 Rh8 19.Rad1 Bh4 20.b3 h5 21.gxh5 Rxh5 
22.Ng3 Rh8 23.Nd5 Bd8 24.Nc3 f5 25.c5 e4 26.b4 a5 27.a3 c6 28.Nge2 axb4 
29.axb4 Bc7 30.h3 Be5 31.Ra2 Rxa2 32.Nxa2 Ng5 33.Nac3 Nxh3+ 34.Bxh3 Rxh3 
35.Na4 Be6 36.Nb6 Bc7 37.Ra1 Rh8 38.Ra7 Rb8 39.Nd4 Kf6 40.Kg2 g5 41.Ra1 f4
42.Rh1 Bg4 43.Rh7 Be5 44.Nc4 Bxd4 45.exd4 Bf3+ 46.Kf1 Rd8 47.Nd6 Ra8 48.
Ke1 Ra2 49.Rxb7 Re2+ 50.Kd1 Rxf2+ 51.Kc1 e3 52.Rf7+ Ke6 53.Rf8 Rf1+ 54.Kc2
e2 55.Re8+ Kd7 56.Kd2 Rd1+ 0-1